00809nam a22002175a 450000500170000000800440001702000180006104000380007908200190011710000240013624500440016026000740020430000290027850000240030750400330033165000360036465300240040094200080042499900170043295201420044920170112103835.0170112t2008 ii a frb 00100 0 dg d a9788189866730 aEG-ScBUEbengcEG-ScBUEdEG-ScBUE04222a006.6bBHA1 aBhatia, Pradeep K. 10aComputer graphics /cPradeep K. Bhatia. aNew Delhi :bI. K. International Publishing House Pvt. Ltd.,cc.2008. a392 p. :bill. ;c24 cm. aIndex : p. 387-392. aBibliography : p. [383]-386. 72BUEsh93615aComputer graphics. bCOMSCIcJanuary2017 2ddc c23900d23872 00102ddc40708Scien. H.aMAINbMAINcLOWd2017-01-12ePurchaseg150.00h2691l0o006.6 BHAp000040847r2025-07-15 00:00:00v187.50yBB